Normal view MARC view

Entry Personal Name

Number of records used in: 1

001 - CONTROL NUMBER

  • control field: 623900

003 - CONTROL NUMBER IDENTIFIER

  • control field: OSt

005 - DATE AND TIME OF LATEST TRANSACTION

  • control field: 20221005105407.0

008 - FIXED-LENGTH DATA ELEMENTS

  • fixed length control field: 221005|| aca||aabn | a|a d

040 ## - CATALOGING SOURCE

  • Original cataloging agency: OSt
  • Transcribing agency: OSt

100 ## - HEADING--PERSONAL NAME

  • Personal name: शुक्ल, आचार्य रामचन्दª

670 ## - SOURCE DATA FOUND

  • Source citation: Work cat.: (OSt)1015695: शुक्ल, आचार्य रामचन्दª, हिन्दी साहित्य का इतिहास, 2009
Copyright @ Delhi University Library System